|
|
|
|
| LEADER |
00000nam0a2200000 4500 |
| 001 |
286230 |
| 005 |
20231101235855.0 |
| 035 |
|
|
|a (RuTPU)RU\TPU\book\310531
|
| 090 |
|
|
|a 286230
|
| 100 |
|
|
|a 20150304d1962 k y0rusy50 ca
|
| 101 |
0 |
|
|a rus
|
| 102 |
|
|
|a RU
|
| 105 |
|
|
|a a z 001zy
|
| 200 |
1 |
|
|a Минеральный состав и поведение микроэлементов в зоне гипергенеза Акчагыла и Кызыл-Эспе
|f И. В. Витовская
|g Академия наук СССР (АН СССР)
|
| 210 |
|
|
|a Москва
|c Изд-во АН СССР
|d 1962
|
| 215 |
|
|
|a 132 с.
|c ил.
|
| 225 |
1 |
|
|a Труды института геологии рудных месторождений, петрографии, минералогии и геохимии
|v Вып. 75
|
| 320 |
|
|
|a Библиогр.: с. 127-130.
|
| 606 |
1 |
|
|a Рудные (металлоносные) месторождения
|2 stltpush
|3 (RuTPU)RU\TPU\subj\26025
|9 50044
|
| 606 |
1 |
|
|a Минералогия
|2 stltpush
|3 (RuTPU)RU\TPU\subj\43907
|9 63333
|
| 610 |
1 |
|
|a Казахстан
|
| 610 |
1 |
|
|a геология
|
| 610 |
1 |
|
|a оруденение
|
| 610 |
1 |
|
|a зона гипергенеза
|
| 610 |
1 |
|
|a металлы
|
| 610 |
1 |
|
|a геохимия
|
| 610 |
1 |
|
|a распределение
|
| 675 |
|
|
|a 553.3/.4
|v 3
|
| 675 |
|
|
|a 549
|v 3
|
| 700 |
|
1 |
|a Витовская
|b И. В.
|g Ирина Владимировна
|
| 712 |
0 |
2 |
|a Академия наук СССР (АН СССР)
|2 stltpush
|3 (RuTPU)RU\TPU\col\722
|
| 801 |
|
1 |
|a RU
|b 63413507
|c 20150304
|
| 801 |
|
2 |
|a RU
|b 63413507
|c 20150313
|g RCR
|
| 942 |
|
|
|c BK
|